LEADER 01037nam0-22002891i-450- 001 990000090580403321 035 $a000009058 035 $aFED01000009058 035 $a(Aleph)000009058FED01 035 $a000009058 100 $a20011111d--------km-y0itay50------ba 101 0 $aita 105 $ay-------001yy 200 1 $aMemoria sul modo di rendere salubri le latrine ed allontanare dallo interno delle abitazioni i gas insalubri da esseprovvenienti$fcompilata da Apostolo Zeno. 210 $aNapoli$cDallo stabilimento tipografico delle belle arti$d1857 215 $a20 p., 2 tav.$cill.$d27 cm 610 0 $aEdifici$aImpianti igienici 676 $a696.13 700 1$aZeno,$bApostolo$06051 801 0$aIT$bUNINA$gRICA$2UNIMARC 901 $aBK 912 $a990000090580403321 952 $a13 AR 13 E 04$b5026$fFINBC 959 $aFINBC 996 $aMemoria sul modo di rendere salubri le latrine ed allontanare dallo interno delle abitazioni i gas insalubri da esseprovvenienti$9109213 997 $aUNINA DB $aING01 LEADER 00861nam0-2200301 --450 001 9910594591303321 005 20221005140917.0 017 70$a239398$2U 020 $aIT$b1910 566 100 $a20221005d1910----kmuy0itay5050 ba 101 1 $aita 102 $aIT 105 $a 001yy 200 1 $aPsicologia religiosa$fTeodoro Flournoy$gtraduzione autorizzata di Nicola Checchia 210 $aPavia$cMattei, Speroni & C$d1910 215 $aV, 176 p.$d19 cm 225 1 $aBiblioteca di filosofia e pedagogia 610 0 $aReligione$aPsicologia 676 $a291.1783$v19 700 1$aFlournoy,$bTeodoro$0390531 702 1$aChecchia,$bNicola 801 0$aIT$bUNINA$gREICAT$2UNIMARC 901 $aBK 912 $a9910594591303321 952 $a5/IX E 35$bs.i.$fFLFBC 959 $aFLFBC 996 $aPsicologia religiosa$92916128 997 $aUNINA